000 00617nam a2200169 i 4500
001 146284
003 ES-MaACL
005 20230906201459.0
007 t|
008 070906s1952 sp ||||1| spa d
245 0 0 _aTratado de amistad entre el Estado Español y el Reino Hachemita del Jordán. Amán 7 de octubre de 1950.
260 _aMadrid :
_b[s.n.],
_c1952 (
_fImp. del Ministerio de Asuntos Exteriores)
300 _a3 h. ;
_c23 cm.
500 _aPrecede al tít.: Ministerio de Asuntos Exteriores.
710 0 0 _aEspaña.
_bMinisterio de Asuntos Exteriores.
_93845
852 _aES-MaACL
_j1934-F-26
_bR.32478
999 _c146284
_d146284